<?xml version="1.0" encoding="UTF-8"?>
<collection xmlns="http://www.loc.gov/MARC21/slim">
 <record>
  <leader>01052pamaa2200253   4500</leader>
  <controlfield tag="001">0000047689</controlfield>
  <controlfield tag="005">20130815090000.0</controlfield>
  <controlfield tag="008">100817                             eng  </controlfield>
  <datafield tag="020" ind1="0" ind2="0">
   <subfield code="a">7117023236 </subfield>
  </datafield>
  <datafield tag="090" ind1="0" ind2="0">
   <subfield code="a">RS180.C5 </subfield>
   <subfield code="b">CHI 1996</subfield>
  </datafield>
  <datafield tag="245" ind1="1" ind2="0">
   <subfield code="a">Chinese herbal color illustrations: Commonly used traditional Chinese medicine articles = </subfield>
   <subfield code="l">Zhong Guo Ben Cao Cai Se Tu Jian: Chang Yong Zhong Yao Pian : </subfield>
   <subfield code="b">Cao Yao Pian : </subfield>
   <subfield code="b">Cao Yao Pian : </subfield>
   <subfield code="b">Vol. 2  </subfield>
   <subfield code="c">edited by Qian Xinzhong; </subfield>
   <subfield code="f">traslated by Bai Yunpeng; </subfield>
   <subfield code="f">traslated by Bai Yunpeng; </subfield>
   <subfield code="f">illustated by Ding Yi.</subfield>
  </datafield>
  <datafield tag="250" ind1="0" ind2="0">
   <subfield code="a">1st ed.</subfield>
  </datafield>
  <datafield tag="260" ind1="0" ind2="0">
   <subfield code="a">Beijing, China: </subfield>
   <subfield code="b">People's Medical Publishing House, </subfield>
   <subfield code="c">1996.</subfield>
  </datafield>
  <datafield tag="300" ind1=" " ind2=" ">
   <subfield code="a">540: </subfield>
   <subfield code="b">ill. (some col.); </subfield>
   <subfield code="c">30 cm.</subfield>
  </datafield>
  <datafield tag="500" ind1="0" ind2="0">
   <subfield code="a">Includes indexes</subfield>
  </datafield>
  <datafield tag="500" ind1="0" ind2="0">
   <subfield code="a">Chinese and English, with nomenclature also in Latin</subfield>
  </datafield>
  <datafield tag="501" ind1="0" ind2="0">
   <subfield code="a">FMHS</subfield>
  </datafield>
  <datafield tag="650" ind1="0" ind2="0">
   <subfield code="a">Materia medica -- </subfield>
   <subfield code="z">China </subfield>
  </datafield>
  <datafield tag="650" ind1="0" ind2="0">
   <subfield code="a">Medicine, Chinese -- </subfield>
   <subfield code="x">Atlases </subfield>
  </datafield>
  <datafield tag="650" ind1="0" ind2="0">
   <subfield code="a">Plants, Medicinal -- </subfield>
   <subfield code="z">China </subfield>
  </datafield>
  <datafield tag="700" ind1="1" ind2="1">
   <subfield code="a">Yunpeng, </subfield>
   <subfield code="h">Bai </subfield>
  </datafield>
  <datafield tag="700" ind1="1" ind2="1">
   <subfield code="a">Yi, </subfield>
   <subfield code="h">Ding </subfield>
  </datafield>
  <datafield tag="700" ind1="1" ind2="1">
   <subfield code="a">Qian, </subfield>
   <subfield code="h">Xinzhong	 </subfield>
  </datafield>
  <datafield tag="901" ind1=" " ind2=" ">
   <subfield code="u">www.pmph.com</subfield>
  </datafield>
 </record>
</collection>
